00559cam a2200181ua 4500001000400000008003900004040000900043082001000052245002800062250003900090260004500129300002400174653002300198653002700221942000700248999001300255952010900268741110419n ii |||gr||||Z||||||eng cMAIN a320.51 aPolityics of Aristotle. a1st. / bEdited by Earnest Barker. aToronto.:bOxford university press.,986. aix, 411 p.:c20 cm. aPolitical science. aPolitics of Aristotle. cBK c668d668 00104070aMAINbMAINcGEN | 2d2020-09-19l0o320.5 | BARp813r2021-11-12 00:00:00t1w2020-09-19yBK